5HLuxD.jpg

KING HENRY VIII SENIOR AND PRIMARY SCHOOL LIBRARY OPAC

3-MINUTE SLEEPYTIME STORIES (Record no. 4894)

000 -LEADER
fixed length control field 00330nam a22001217a 4500
008 - FIXED-LENGTH DATA ELEMENTS--GENERAL INFORMATION
fixed length control field 250422b ||||| |||| 00| 0 eng d
020 ## - INTERNATIONAL STANDARD BOOK NUMBER
International Standard Book Number 9780857232441
082 ## - DEWEY DECIMAL CLASSIFICATION NUMBER
Classification number 800 BAX
100 ## - MAIN ENTRY--PERSONAL NAME
Personal name BAXTER,NICOLA
Relator term AUTHOR
245 ## - TITLE STATEMENT
Title 3-MINUTE SLEEPYTIME STORIES
260 ## - PUBLICATION, DISTRIBUTION, ETC.
Place of publication, distribution, etc. 88-89 BLACKFRIARS ROAD,LONDON SE1 8HA
Name of publisher, distributor, etc. HERMES HOUSE
942 ## - ADDED ENTRY ELEMENTS (KOHA)
Source of classification or shelving scheme
Holdings
Withdrawn status Lost status Source of classification or shelving scheme Damaged status Not for loan Collection code Permanent Location Current Location Shelving location Date acquired Total Checkouts Full call number Barcode Date due Date last seen Date last checked out Price effective from Koha item type Public note
          Fiction KH8 Primary School Library KH8 Primary School Library Fiction 2025-04-22 7 800 BAX KHPL000006746 2026-04-15 2026-04-07 2026-04-07 2025-04-22 Books - Fiction KH8 PRIMARY LIBRARY

Powered By KH8 IT Dept